Understanding body movement : (Record no. 95870)
[ view plain ]
| 000 -LEADER | |
|---|---|
| fixed length control field | 01764nam a2200385 i 4500 |
| 001 - CONTROL NUMBER | |
| control field | ebr10841884 |
| 003 - CONTROL NUMBER IDENTIFIER | |
| control field | CaPaEBR |
| 006 - FIXED-LENGTH DATA ELEMENTS--ADDITIONAL MATERIAL CHARACTERISTICS--GENERAL INFORMATION | |
| fixed length control field | m o d |
| 007 - PHYSICAL DESCRIPTION FIXED FIELD--GENERAL INFORMATION | |
| fixed length control field | cr cn||||||||| |
| 008 - FIXED-LENGTH DATA ELEMENTS--GENERAL INFORMATION | |
| fixed length control field | 140313t20132013gw a ob 000 0 eng d |
| 020 ## - INTERNATIONAL STANDARD BOOK NUMBER | |
| Cancelled/invalid ISBN | 9783631582497 |
| International Standard Book Number | 9783653042085 (e-book) |
| 040 ## - CATALOGING SOURCE | |
| Original cataloging agency | CaPaEBR |
| Language of cataloging | eng |
| Description conventions | rda |
| -- | pn |
| Transcribing agency | CaPaEBR |
| 035 ## - SYSTEM CONTROL NUMBER | |
| System control number | (OCoLC)870950343 |
| 050 14 - LIBRARY OF CONGRESS CALL NUMBER | |
| Classification number | BF295 |
| Item number | .U53 2013eb |
| 082 04 - DEWEY DECIMAL CLASSIFICATION NUMBER | |
| Classification number | 153.6/9 |
| Edition number | 23 |
| 245 00 - TITLE STATEMENT | |
| Title | Understanding body movement : |
| Remainder of title | a guide to empirical research on nonverbal behaviour : with an introduction to the NEUROGES coding system / |
| Statement of responsibility, etc | Hedda Lausberg, ed. |
| 264 #1 - PRODUCTION, PUBLICATION, DISTRIBUTION, MANUFACTURE, AND COPYRIGHT NOTICE | |
| Place of production, publication, distribution, manufacture | Frankfurt am Main, Germany : |
| Name of producer, publisher, distributor, manufacturer | Peter Lang GmbH, |
| Date of production, publication, distribution, manufacture, or copyright notice | 2013. |
| Date of production, publication, distribution, manufacture, or copyright notice | �2013 |
| 300 ## - PHYSICAL DESCRIPTION | |
| Extent | 1 online resource (362 pages) : |
| Other physical details | illustrations, tables |
| 336 ## - CONTENT TYPE | |
| Content type term | text |
| Source | rdacontent |
| 337 ## - MEDIA TYPE | |
| Media type term | computer |
| Source | rdamedia |
| 338 ## - CARRIER TYPE | |
| Carrier type term | online resource |
| Source | rdacarrier |
| 504 ## - BIBLIOGRAPHY, ETC. NOTE | |
| Bibliography, etc | Includes bibliographical references. |
| 588 ## - SOURCE OF DESCRIPTION NOTE | |
| Source of description note | Description based on print version record. |
| 590 ## - LOCAL NOTE (RLIN) | |
| Local note | Electronic reproduction. Palo Alto, Calif. : ebrary, 2014. Available via World Wide Web. Access may be limited to ebrary affiliated libraries. |
| 650 #0 - SUBJECT ADDED ENTRY--TOPICAL TERM | |
| Topical term or geographic name as entry element | Movement, Psychology of. |
| Topical term or geographic name as entry element | Body language. |
| Topical term or geographic name as entry element | Nonverbal communication. |
| 655 #0 - INDEX TERM--GENRE/FORM | |
| Genre/form data or focus term | Electronic books. |
| 700 1# - ADDED ENTRY--PERSONAL NAME | |
| Personal name | Lausberg, Hedda, |
| Dates associated with a name | 1964- |
| 776 08 - ADDITIONAL PHYSICAL FORM ENTRY | |
| Display text | Print version: |
| Title | Understanding body movement : a guide to empirical research on nonverbal behaviour : with an introduction to the NEUROGES coding system. |
| Place, publisher, and date of publication | Frankfurt am Main, Germany : Peter Lang GmbH, c2013 |
| Physical description | xvii, 343 pages |
| International Standard Book Number | 9783631582497 |
| Record control number | 2013033385 |
| 797 2# - LOCAL ADDED ENTRY--CORPORATE NAME (RLIN) | |
| Corporate name or jurisdiction name as entry element | ebrary. |
| 856 40 - ELECTRONIC LOCATION AND ACCESS | |
| Uniform Resource Identifier | <a href="http://site.ebrary.com/lib/rucke/Doc?id=10841884">http://site.ebrary.com/lib/rucke/Doc?id=10841884</a> |
| Public note | An electronic book accessible through the World Wide Web; click to view |
No items available.
